000 00325pab a2200145 454500
008 180718b1985 xxu||||| |||| 00| 0 eng d
100 _aRajaiah, B.
245 _aRethinking on public sector
260 _c1985
300 _a35-9
362 _aApr.
650 _aGovernment Enterprise
773 _aLok Udyog
909 _a9169
999 _c9169
_d9169